[Event "IBM-B"]
[Site "Amsterdam"]
[Date "1980.??.??"]
[Round "?"]
[White "Van Wijgerden, Cornelis"]
[Black "Bohm, Hans"]
[Result "1/2-1/2"]
[WhiteElo "2435"]
[BlackElo "2430"]

1.c4 c6 2.d4 d5 3.cxd5 cxd5 4.Nc3 Nf6 5.Nf3 Nc6 6.Bf4 e6 7.e3 Bd6 8.Bg3 O-O
9.Bd3 Re8 10.Ne5 Bxe5 11.dxe5 Nd7 12.f4 Nc5 13.Bb1 b6 14.Nb5 Ba6 15.Nd6 Nb4
16.Bxh7+ Kxh7 17.Qh5+ Kg8 18.Qxf7+ Kh7 19.Qh5+ Kg8  1/2-1/2

[Event "IBM"]
[Site "Amsterdam"]
[Date "1980.??.??"]
[Round "?"]
[White "Hort, Vlastimil"]
[Black "Dolmatov, Sergey"]
[Result "1/2-1/2"]
[WhiteElo "2595"]
[BlackElo "2535"]

1.c4 c6 2.e4 d5 3.exd5 cxd5 4.d4 Nf6 5.Nc3 g6 6.Qb3 Bg7 7.cxd5 O-O 8.Be2 Nbd7
9.Bf3 Nb6 10.Nge2 Bf5 11.O-O Bd3 12.d6 exd6 13.Bxb7 Rb8 14.Bf3 Re8 15.Qd1 Ba6
16.Re1 Rc8 17.Ng3 Rxe1+ 18.Qxe1 Qd7 19.Bf4 Re8 20.Qd2 Re6 21.b3 d5 22.Re1 Rc6
23.Be5 Bf8 24.Nce2 Ne8 25.h3 f6 26.Bf4 h5 27.h4 Bb7 28.Be3 Qf7 29.Nf4 Nd6
30.Nd3 Rc8 31.Bh6 Nd7 32.Bxf8 Nxf8 33.Qf4 Rd8 34.Nc5 Bc6 35.a4 Kg7 36.Re3 Ne4
37.Ncxe4 dxe4 38.Bxe4 Ne6 39.Qf3 Nxd4 40.Qd1 Ne6 41.Qc2 Nd4 42.Qc3 Bxe4 43.Nxe4 Nf5
44.Re1 Re8 45.Kh2 Re7 46.Ng3 Rxe1 47.Nxf5+ gxf5 48.Qxe1 Qxb3 49.Qe7+ Kg6
50.Qe8+ Kg7 51.Qe7+ Kg6 52.Qe8+ Kg7 53.Qd7+ Kg6 54.Qxa7 Qc4 55.a5 Qxh4+ 56.Kg1 Qc4
57.a6 h4 58.Qb6 Qc1+ 59.Kh2 Qf4+ 60.g3  1/2-1/2

[Event "Baerum"]
[Site "Baerum"]
[Date "1980.??.??"]
[Round "7"]
[White "Mariotti, Sergio"]
[Black "Westerinen, Heikki MJ"]
[Result "0-1"]
[WhiteElo "2500"]
[BlackElo "2470"]

1.c4 c6 2.Nf3 d5 3.b3 Nf6 4.Bb2 e6 5.g3 Be7 6.Bg2 O-O 7.O-O b5 8.Qc2 Bb7
9.c5 a5 10.a3 Na6 11.d4 b4 12.a4 Nd7 13.Nbd2 f5 14.e3 Nc7 15.Ne5 Nxe5 16.dxe5 Na6
17.Bd4 Nb8 18.f4 Nd7 19.Bf3 Rf7 20.Rac1 g6 21.g4 Rg7 22.Kh1 Kh8 23.Rg1 Bf8
24.Nf1 Qe7 25.Ng3 Ba6 26.gxf5 exf5 27.Nxf5 gxf5 28.Qxf5 Re8 29.e6 Qxe6 30.Qxf8+ Rxf8
31.Bxg7+ Kg8 32.Be5+ Kf7 33.Rg7+ Ke8 34.Bg4 Rf5 35.e4 Nxe5 36.exf5 Qh6 37.Ra7 Nxg4
38.Re1+ Kd8  0-1

[Event "Budapest"]
[Site "Budapest"]
[Date "1980.??.??"]
[Round "?"]
[White "Tompa, Janos"]
[Black "Dorfman, Josif D"]
[Result "1/2-1/2"]
[WhiteElo "2440"]
[BlackElo "2540"]

1.c4 c6 2.Nf3 d5 3.b3 Bg4 4.Bb2 e6 5.g3 Bxf3 6.exf3 Nf6 7.Bg2 g6 8.O-O Bg7
9.Qe2 O-O 10.d4 Qb6  1/2-1/2

[Event "GER-W chT 7980"]
[Site "Germany"]
[Date "1980.??.??"]
[Round "?"]
[White "Borngaesser, Rene"]
[Black "Reefschlaeger, Helmut"]
[Result "0-1"]
[WhiteElo "2360"]
[BlackElo "2390"]

1.c4 c6 2.Nf3 d5 3.b3 Nf6 4.Bb2 Bg4 5.e3 e6 6.Be2 Nbd7 7.O-O Bd6 8.d4 Qb8
9.h3 Bh5 10.Nc3 O-O 11.g4 Bg6 12.Nh4 Be4 13.f4 g5 14.Nxe4 Nxe4 15.Ng2 f5
16.Bd3 Ndf6 17.Rf3 Rf7 18.gxf5 gxf4 19.fxe6 Rg7 20.Qe2 Ng3 21.Qc2 Qe8 22.exf4 Qh5
23.Rxg3 Rxg3 24.Bf5 Kh8 25.Rf1 Rag8 26.Rf2 Bxf4 27.Rxf4 Rxg2+ 28.Qxg2 Rxg2+
29.Kxg2 Qg5+ 30.Kf3 Nh5 31.Bc1 Qg3+ 32.Ke2 Qg2+ 33.Kd3 Nxf4+ 34.Bxf4 Qf3+  0-1

[Event "WchT U26"]
[Site "Mexico"]
[Date "1980.??.??"]
[Round "?"]
[White "Rutman, A."]
[Black "Dolmatov, Sergey"]
[Result "0-1"]
[WhiteElo "2355"]
[BlackElo "2535"]

1.c4 c6 2.b3 d5 3.Bb2 Nf6 4.Nf3 Bg4 5.e3 e6 6.Be2 Bd6 7.h3 Bxf3 8.gxf3 O-O
9.f4 Nbd7 10.d3 Qa5+ 11.Nd2 Ba3 12.Qc1 Bxb2 13.Qxb2 c5 14.O-O-O Ne8 15.Rhg1 Rd8
16.Kb1 Qb6 17.Nf3 Nb8 18.d4 dxc4 19.Bxc4 cxd4 20.Nxd4 Nc6 21.Nf3 Rxd1+ 22.Rxd1 Nf6
23.Rg1 Kh8 24.Ng5 Qa5 25.Ka1 Nb4 26.a4 Nbd5 27.Ne4 Rg8 28.Bxd5 Nxd5 29.Nd6 Qc7
30.Ne8 Qe7 31.Rxg7 Qxe8 32.Rxf7+ e5 33.Rxb7 Rg1+ 34.Ka2 a5 35.fxe5 Nb4+ 36.Ka3 Ra1+
37.Qxa1 Nc2+ 38.Kb2 Qxe5+ 39.Kxc2 Qxa1 40.f4 Qf1 41.Rb5 Qe2+  0-1

[Event "DEN-ch"]
[Site "Odense"]
[Date "1980.??.??"]
[Round "8"]
[White "Mortensen, Erling"]
[Black "Kristensen, Bjarke"]
[Result "0-1"]
[WhiteElo "2400"]
[BlackElo "2295"]

1.c4 c6 2.Nc3 d5 3.d4 Nf6 4.e3 g6 5.Nf3 Bg7 6.Be2 O-O 7.O-O Ne4 8.Qb3 dxc4
9.Bxc4 Nd6 10.Bd3 Bg4 11.Ne5 Be6 12.Qc2 Nd7 13.f4 f5 14.Bd2 Nf6 15.b4 Bd5
16.a4 Nfe4 17.b5 Nxc3 18.Bxc3 cxb5 19.axb5 Ne4 20.Bb4 Bxe5 21.fxe5 Qd7 22.Rfc1 Rfc8
23.Qb2 b6 24.Qa3 e6 25.h3 Bb7 26.Bd6 g5 27.Bc4 Bd5 28.Bxd5 exd5 29.Rxc8+ Rxc8
30.Qxa7 Qxa7 31.Rxa7 Rc1+ 32.Kh2 f4 33.exf4 gxf4 34.Ra8+ Kg7 35.Ba3 Rf1 36.Bb2 Rb1
37.e6 Ng3 38.Ra1 Rxb2 39.Re1 Re2  0-1

[Event "DDR-ch 29th"]
[Site "Plauen"]
[Date "1980.??.??"]
[Round "12"]
[White "Jakat, Thomas"]
[Black "Heinig, Wolfram"]
[Result "0-1"]
[WhiteElo "2270"]
[BlackElo "2330"]

1.c4 c6 2.Nc3 d5 3.cxd5 cxd5 4.d4 Nf6 5.Nf3 Nc6 6.Bf4 Bf5 7.e3 e6 8.Bb5 Nd7
9.Qa4 Qb6 10.Nh4 Be4 11.Rd1 Be7 12.Nf3 Bg6 13.O-O O-O 14.Rd2 Rfc8 15.Bg3 a6
16.Bxc6 Rxc6 17.Nh4 Bb4 18.Nxg6 hxg6 19.Rc2 Rac8 20.Rfc1 Bxc3 21.bxc3 Rxc3
22.Rxc3 Rxc3 23.Re1 Nf6 24.h3 Rc4 25.Qa3 Qb4 26.Qxb4 Rxb4 27.Rc1 Rc4 28.Rb1 b5
29.Rb2 Ne4 30.Bf4 Kf8 31.f3 Nc3 32.g4 Ke7 33.h4 Ra4  0-1

[Event "Villa Gesell"]
[Site "Villa Gesell"]
[Date "1980.??.??"]
[Round "?"]
[White "Rossetto, Hector"]
[Black "Guimard, Carlos E"]
[Result "1/2-1/2"]
[WhiteElo "2410"]
[BlackElo "2405"]

1.c4 c6 2.g3 d5 3.Bg2 Nf6 4.Nf3 Bf5 5.b3 e6 6.O-O h6 7.d3 Be7 8.Bb2 O-O 9.Nbd2 Bh7
10.Ne1 a5 11.a3 Qb6 12.Ra2 Na6 13.Nc2 Rfd8 14.Qa1 Nc5 15.Bd4 Qc7 16.Be5 Qc8
17.b4 Ncd7 18.Bc3 a4 19.c5 Ne8 20.f4 Bf6 21.Nf3 Qc7 22.Bd4 Bxd4+ 23.Qxd4 Nef6
24.Ne3 Re8 25.Bh3 Re7 26.Nd1 e5 27.fxe5 Nxe5 28.Nxe5 Qxe5 29.Qxe5 Rxe5 30.Rf4 Ne8
31.Nc3 g5 32.Rf2 d4 33.Nb1 Nc7 34.Nd2 Nb5 35.Nc4 Re7 36.Rc2 Kg7 37.Rc1 Rd8
38.Kf1 f6 39.Ra1 Bg8 40.Nb6 Bb3 41.Ke1 Be6 42.Bxe6 Rxe6  1/2-1/2

[Event "Candidats (Women) sf2"]
[Site "Vilnius"]
[Date "1980.??.??"]
[Round "5"]
[White "Litinskaya, Marta I"]
[Black "Alexandria, Nana"]
[Result "1-0"]
[WhiteElo "2280"]
[BlackElo "2335"]

1.c4 c6 2.Nf3 d5 3.b3 Bg4 4.e3 Nd7 5.Bb2 e6 6.Be2 Ngf6 7.O-O Bd6 8.d3 O-O
9.Qc2 Qe7 10.Rd1 e5 11.Nbd2 e4 12.dxe4 dxe4 13.Nd4 Bxe2 14.Nxe2 Be5 15.Bxe5 Qxe5
16.Ng3 Nc5 17.b4 Nd3 18.Ndxe4 Nxe4 19.Qxd3 Nc3 20.Rdc1 Rfd8 21.Qc2 a5 22.bxa5 Qxa5
23.Qb2 Rd3 24.Qxb7 c5 25.a3 g6 26.h4 h5 27.Qe7 Rb8 28.Qe5 Rb2 29.Ne4 Ne2+
30.Kh2 Nxc1 31.Qxb2 Nb3 32.Rb1 Qc7+ 33.Kg1 Qd8 34.Qe5 Qxh4 35.Nxc5 Nxc5 36.Rb8+ Rd8
37.g3 Nd7 38.gxh4 Nxb8 39.Qc7 Rd1+ 40.Kg2 Nd7 41.Qd8+  1-0

[Event "DEN-ch"]
[Site "Aarhus"]
[Date "1981.??.??"]
[Round "2"]
[White "Jacobsen, Bo"]
[Black "Kristensen, Bjarke"]
[Result "0-1"]
[WhiteElo "2335"]
[BlackElo "2345"]

1.c4 c6 2.Nf3 d5 3.g3 Nf6 4.Bg2 Bf5 5.cxd5 cxd5 6.Qb3 Qb6 7.Qxb6 axb6 8.Nc3 e6
9.Nb5 Ra5 10.Nbd4 Be4 11.Nb3 Ra6 12.d3 Bxf3 13.Bxf3 Nc6 14.a3 Be7 15.Be3 Kd7
16.Rc1 Rc8 17.O-O Bd6 18.h3 h6 19.Bd2 b5 20.Nc5+ Bxc5 21.Rxc5 Nd4 22.Rxc8 Nxf3+
23.exf3 Kxc8 24.Bc3 Kd7 25.Rb1 Ne8 26.Kf1 f6 27.Ke2 Nd6 28.f4 Ra8 29.Kd2 Nf5
30.Kc2 Ne7 31.Rg1 h5 32.Kb3 Nc6 33.f3 Ke7 34.Bb4+ Kf7 35.Bc5 h4 36.g4 Ra4
37.Bb4 Nd4+ 38.Ka2 Ne2 39.Rd1 Nxf4 40.Rc1 Nxd3 41.Rc7+ Kg8 42.Kb3 Nxb4 43.axb4 Ra1
44.Rxb7 Rh1 45.Rxb5 Rxh3 46.Rc5 Rxf3+ 47.Ka4 Rf4 48.Ka5 Rc4 49.b3 h3 50.bxc4 h2
51.cxd5 h1=Q 52.d6 Qa8+ 53.Kb6 Qb8+ 54.Kc6 Kf7 55.Kd7 e5 56.Rc8 Qxb4 57.Rc7 Qa4+
58.Kd8+ Ke6 59.d7 Qa5 60.Ke8 Qxc7 61.d8=N+ Qxd8+ 62.Kxd8  0-1

[Event "DEN-ch"]
[Site "Aarhus"]
[Date "1981.??.??"]
[Round "7"]
[White "Jacobsen, Bo"]
[Black "Knudsen, Per"]
[Result "1/2-1/2"]
[WhiteElo "2335"]
[BlackElo "2355"]

1.c4 c6 2.Nf3 d5 3.g3 Nf6 4.Bg2 Bf5 5.cxd5 cxd5 6.Qb3 Qb6 7.Qxb6 axb6 8.Nc3 e6
9.Nd4 Bg6 10.Ncb5 Kd7 11.d3 Nc6 12.a3 Bc5 13.Nb3 Na5 14.Nd2 Nc6 15.Rb1 Ne8
16.Nb3 Nd6 17.Nxd6 Bxd6 18.Be3 Ra6 19.Kd2 f6 20.f4 Bf7 21.Rhf1 Rc8 22.g4 Ke7
23.Nd4 Nxd4 24.Bxd4 Ra4 25.e3 b5 26.Rbc1 Rxc1 27.Kxc1 e5 28.fxe5 fxe5 29.b3 Rxa3
30.Bb2 Ra6 31.g5 Be6 32.Kb1 Ra8 33.h4 Rf8 34.Bc3 b4 35.Be1 Rxf1 36.Bxf1 d4
37.exd4 exd4 38.Kc2 b6 39.Bg2 Kf7 40.Be4 g6 41.Bf2 Be5 42.Bc6 Ke7 43.Bb5 Bd5
44.Bc4 Be6 45.Kd2 b5 46.Bxe6 Kxe6  1/2-1/2

[Event "Bangalore"]
[Site "Bangalore"]
[Date "1981.??.??"]
[Round "7"]
[White "Chernin, Alexander"]
[Black "Torre, Eugenio"]
[Result "1/2-1/2"]
[WhiteElo "2455"]
[BlackElo "2525"]

1.c4 c6 2.d4 d5 3.Nf3 Nf6 4.Nc3 e6 5.Bg5 dxc4 6.e4 b5 7.e5 h6 8.Bh4 g5 9.Nxg5 hxg5
10.Bxg5 Nbd7 11.g3 Qa5 12.exf6 b4 13.Ne4 Ba6 14.Qf3 Qd5 15.Rd1 O-O-O 16.b3 Nb6
17.Be2 Bb7 18.bxc4 Nxc4 19.O-O c5 20.Rc1 Qxe4 21.Qxe4 Bxe4 22.Bxc4 Rxd4 23.Be3 Rxc4
24.Rxc4 Bd3 25.Rxc5+ Bxc5 26.Rc1 Kd7 27.Rxc5 a6  1/2-1/2

[Event "Biel"]
[Site "Biel"]
[Date "1981.??.??"]
[Round "?"]
[White "Stean, Michael"]
[Black "Franzoni, Giancarlo"]
[Result "1-0"]
[WhiteElo "2490"]
[BlackElo "2295"]

1.c4 c6 2.Nf3 Nf6 3.Nc3 d5 4.e3 g6 5.d4 Bg7 6.Bd3 O-O 7.O-O b6 8.b3 Bb7 9.Ba3 Nbd7
10.cxd5 Nxd5 11.Nxd5 cxd5 12.Rc1 Bf6 13.Qe2 Rc8 14.Ba6 Rxc1 15.Rxc1 Qb8 16.Qb5 Rc8
17.Qxd7 Rxc1+ 18.Bxc1 Bxa6 19.Qxd5 Qc8 20.Ba3 Bb7 21.Qc4 Qf5 22.Nd2 Qg5 23.Qf1 h5
24.h3 h4 25.Nc4 Kg7 26.Bb4 b5 27.Nd2 a6 28.Bc3 e6 29.Bb4 e5 30.dxe5 Qxe5
31.Qd3 Qc7 32.Qd6 Qxd6 33.Bxd6 Bc3 34.Nf3 f6 35.Nxh4 b4 36.Nf3 Be4 37.a3 a5
38.axb4 axb4 39.Nd4 Bd5 40.f3 Kf7 41.Kf2  1-0

[Event "Biel"]
[Site "Biel"]
[Date "1981.??.??"]
[Round "?"]
[White "Wirthensohn, Heinz"]
[Black "Franzoni, Giancarlo"]
[Result "1/2-1/2"]
[WhiteElo "2420"]
[BlackElo "2295"]

1.c4 c6 2.Nf3 d5 3.e3 Nf6 4.d4 Bg4 5.cxd5 Bxf3 6.Qxf3 cxd5 7.Nc3 Nc6 8.Bd3 e6
9.O-O Be7 10.Bd2 O-O 11.Rfd1 Rc8 12.Qe2 a6 13.Rac1 Na5 14.Be1 g6 15.Na4 Rxc1
16.Rxc1 Nc4 17.Bxc4 dxc4 18.Nc5 Bxc5 19.dxc5 Qd3 20.Qc2 Qxc2 21.Rxc2 Rc8
22.Rxc4 Nd7 23.b4 b6 24.Rd4 Rc7 25.cxb6 Nxb6 26.Rd6 Nd5 27.Kf1 Rc1 28.a3 Nc7
29.Rd3 Ra1 30.Ke2 Kf8 31.Bc3 Ra2+ 32.Kf3 Ke7 33.g4 g5 34.h4 gxh4 35.g5 Nd5
36.Be5 f6 37.gxf6+ Nxf6 38.Rd4 h5 39.Rxh4 Rxa3 40.Bf4 Kf7 41.Be5  1/2-1/2

[Event "Bochum"]
[Site "Bochum"]
[Date "1981.??.??"]
[Round "?"]
[White "Kavalek, Lubomir"]
[Black "Hermann, M."]
[Result "1-0"]
[WhiteElo "2550"]
[BlackElo "2390"]

1.c4 c6 2.e4 d5 3.exd5 cxd5 4.d4 Nc6 5.cxd5 Qxd5 6.Nf3 e5 7.Nc3 Bb4 8.Bd2 Bxc3
9.Bxc3 exd4 10.Nxd4 Nge7 11.Nxc6 Qxc6 12.Be2 O-O 13.O-O Be6 14.Qd4 f6 15.Rfd1 Qe8
16.Bf3 Nc6 17.Qe3 Qf7 18.a4 Rfe8 19.Qf4 Bb3 20.Rd6 Rad8 21.a5 Rxd6 22.Qxd6 Rd8
23.Qf4 Bd5 24.Be2 Re8 25.Bf1 a6 26.Rd1 Bb3 27.Rd6 Re6 28.Rd3 Re7 29.Rg3 Ne5
30.h4 Bd5 31.h5 Qe6 32.h6 g6 33.Re3 Kf7 34.Rxe5  1-0

[Event "Bochum"]
[Site "Bochum"]
[Date "1981.??.??"]
[Round "?"]
[White "Chandler, Murray G"]
[Black "Hermann, M."]
[Result "1-0"]
[WhiteElo "2455"]
[BlackElo "2390"]

1.c4 c6 2.e4 d5 3.exd5 cxd5 4.d4 Nf6 5.Nc3 Nc6 6.Nf3 Bg4 7.cxd5 Nxd5 8.Qb3 Bxf3
9.gxf3 Nb6 10.Be3 e6 11.O-O-O Be7 12.d5 Nxd5 13.Qxb7 Rc8 14.Bb5 Qc7 15.Qxc7 Rxc7
16.Nxd5 exd5 17.Kb1 Kd7 18.Bf4 Rcc8 19.Rhe1 Rhd8 20.Rxd5+ Ke8 21.Rc5  1-0

[Event "Brasilia"]
[Site "Brasilia"]
[Date "1981.??.??"]
[Round "?"]
[White "Ljubojevic, Ljubomir"]
[Black "Andersson, Ulf"]
[Result "1/2-1/2"]
[WhiteElo "2605"]
[BlackElo "2610"]

1.c4 c6 2.d4 d5 3.cxd5 cxd5 4.Nc3 Nf6 5.Bf4 Nc6 6.e3 e6 7.Bd3 Be7 8.h3 O-O
9.Nf3 Bd7 10.O-O Qb6 11.Qe2 Rfc8 12.Rac1 Be8 13.Bb1 Qd8 14.Rfd1 a6 15.Ne5 b5
16.Nxc6 Rxc6 17.a3 Rac8 18.Na2 Qb6  1/2-1/2

[Event "Caorle op"]
[Site "Caorle"]
[Date "1981.??.??"]
[Round "5"]
[White "Billio, Atto"]
[Black "Coppini, Giorgio"]
[Result "0-1"]
[WhiteElo "2095"]
[BlackElo "2205"]

1.c4 c6 2.e4 d5 3.exd5 cxd5 4.cxd5 Nf6 5.Qa4+ Nbd7 6.Nc3 g6 7.Nf3 Bg7 8.Bb5 O-O
9.Bxd7 Nxd7 10.d4 a6 11.Bg5 b5 12.Qb4 Re8 13.d6 exd6+ 14.Kf1 Nf6 15.d5 h6
16.Bf4 a5 17.Qxd6 Qxd6 18.Bxd6 b4 19.Na4 Nxd5 20.Rd1 Be6 21.Kg1 Rad8  0-1

[Event "Caorle op"]
[Site "Caorle"]
[Date "1981.??.??"]
[Round "7"]
[White "Bini, Lorenzo"]
[Black "Barlocco, Carlo"]
[Result "0-1"]
[WhiteElo "1975"]
[BlackElo "2065"]

1.c4 c6 2.g3 d5 3.Nf3 dxc4 4.Qc2 Nf6 5.Qxc4 Bf5 6.Nc3 e6 7.Bg2 Nbd7 8.Nh4 Bd6
9.Nxf5 exf5 10.Qd3 Qc7 11.Qxf5 O-O 12.O-O Rfe8 13.d4 Qb6 14.e3 h5 15.h3 Rad8
16.b3 Bb8 17.h4 Qc7 18.e4 g6 19.Qg5 Qb6 20.Na4 Qb4 21.e5 Nh7 22.Qh6 c5 23.Bd2 Qb5
24.Bd5 Ndf8 25.Bc4 Qc6 26.d5 Rxd5 27.Bxd5 Qxd5 28.Bc3 Bxe5 29.Rad1 Qc6 30.Bxe5 Rxe5
31.Rd8 Qf6 32.Qd2 Kg7 33.Nc3 Ne6 34.Rd6 Qf5 35.Kg2 Nf6 36.f3 Nd4 37.Qf4 Qxf4
38.gxf4 Re3 39.Rxf6 Rxc3 40.Rd6 Nf5 41.Rd7 Ne3+ 42.Kf2 Nxf1 43.Kxf1 Rxf3+
44.Kg2 Rxf4 45.Rxb7 c4 46.Kg3 Rg4+ 47.Kh3 cxb3 48.axb3 a5 49.Ra7 Rb4 50.Rxa5 Rxb3+
51.Kg2 Rb7 52.Ra6 f6 53.Ra5 Rb6 54.Ra7+ Kh6 55.Ra8 g5 56.Ra4 Rb2+ 57.Kg3 Rb3+
58.Kg2 g4 59.Ra8 Rh3 60.Rh8+ Kg6  0-1

[Event "Politiken Cup"]
[Site "Copenhagen"]
[Date "1981.??.??"]
[Round "2"]
[White "Velikov, Petar"]
[Black "Kristensen, Bjarke"]
[Result "1-0"]
[WhiteElo "2445"]
[BlackElo "2345"]

1.c4 c6 2.d4 d5 3.cxd5 cxd5 4.Nc3 Nf6 5.Bf4 e6 6.e3 Bb4 7.Bd3 Bd7 8.Rc1 O-O
9.a3 Be7 10.Nf3 Bc6 11.O-O Nbd7 12.b4 Nb6 13.Ne5 Rc8 14.Nxc6 Rxc6 15.Nb5 Nc4
16.Nxa7 Rb6 17.Bxc4 dxc4 18.Rxc4 Qa8 19.Bc7 Qxa7 20.Bxb6 Qxb6 21.Qa4 g6 22.Rfc1 Kg7
23.Rc8 Rd8 24.Rxd8 Bxd8 25.Rc8 Bc7 26.g3 e5 27.Qc2 Bd6 28.dxe5 Bxe5 29.Qc5 Nd7
30.Qxb6 Nxb6 31.Rc5 Kf6 32.f4 Bb2 33.Rb5 Nc4 34.a4 Nd6 35.Rd5 Ke6 36.Rd3 f5
37.Kg2 h5 38.Kf3 Ne4 39.Rd8 Bc3 40.Rg8 Kf6 41.Rb8 Nd6 42.b5 Ke6  1-0

[Event "Politiken Cup"]
[Site "Copenhagen"]
[Date "1981.??.??"]
[Round "10"]
[White "Budde, Vladimir"]
[Black "Dobosz, Henryk"]
[Result "1-0"]
[WhiteElo "2285"]
[BlackElo "2360"]

1.c4 c6 2.e4 e5 3.Nc3 Bc5 4.Nf3 Qf6 5.g3 d6 6.Bg2 h5 7.d3 Bg4 8.h3 Bxf3 9.Qxf3 h4
10.Qxf6 Nxf6 11.gxh4 Rxh4 12.Bg5 Rh7 13.Bxf6 gxf6 14.Bf3 Nd7 15.Bg4 Nf8 16.Bf5 Rh4
17.Ne2 Ne6 18.Bg4 O-O-O 19.Rf1 Bb4+ 20.Kd1 d5 21.Kc2 dxe4 22.dxe4 Rd2+ 23.Kb3 Ba5
24.Rad1 Kc7 25.Rxd2 Bxd2 26.Kc2 Bf4 27.f3 Be3 28.Ng3 Nd4+ 29.Kd3 Bf4 30.Nh5 Ne6
31.Ke2 Bg5 32.Kf2 a5 33.Kg3 a4 34.Rd1 Nc5 35.Rb1 Nd3 36.b4 axb3 37.axb3 Nc5
38.b4 Ne6 39.Rd1 c5 40.bxc5 Nxc5 41.Ra1 Na6 42.Kf2 Kb6 43.Rb1+ Kc6 44.Ke2 Nc5
45.Ra1 Na6 46.Kd3 Nc5+ 47.Kc3 Na6 48.Ra5 Kb6 49.Rd5 Nc5 50.Nxf6 Rh8 51.Nd7+ Nxd7
52.Rxd7 Rf8 53.Kb4 Kc6 54.c5 Bh4 55.Rd6+ Kc7 56.Kc4 Rd8 57.Kd5 Bg3 58.Bh5 Rh8
59.Bg4 Rd8 60.Rxd8 Kxd8 61.Kd6 Bf4 62.h4 Bg3 63.h5 Bf4 64.Bf5 Be3 65.Bd7 Bh6
66.Bb5 Bf4 67.Bc4 f5 68.Bd5 fxe4 69.fxe4 Kc8 70.Ke6 Be3 71.Kf7  1-0

[Event "Esbjerg-B"]
[Site "Esbjerg"]
[Date "1981.??.??"]
[Round "6"]
[White "Ravikumar, Vaidyanathan"]
[Black "Dobosz, Henryk"]
[Result "1-0"]
[WhiteElo "2325"]
[BlackElo "2360"]

1.c4 c6 2.e4 e5 3.Nc3 Bc5 4.Nf3 Qf6 5.Be2 d6 6.O-O Nd7 7.a3 Nf8 8.Na4 Bg4
9.b4 Bb6 10.Bb2 Bxf3 11.Bxf3 Ne6 12.Bg4 Bd4 13.Bxe6 fxe6 14.Bxd4 exd4 15.c5 b5
16.cxb6 Ne7 17.Qh5+ Ng6 18.Rac1 O-O 19.g3 Ne7 20.b5 cxb5 21.b7 Rab8 22.Qxb5 Qf3
23.Rc7 Qf6 24.f4 Ng6 25.Qg5 Rf7 26.Rc8+ Rf8 27.Qxf6 gxf6 28.Rxf8+ Nxf8 29.Rb1 Nd7
30.Rb4 e5 31.Kf2 Kf7 32.Ke2 Ke7 33.Kd3 Kd8 34.Kc4 Kc7 35.Kd5 Rg8 36.f5 Rd8
37.d3 h5 38.Ke6 Re8+ 39.Kf7 Rh8 40.h4 Rh7+ 41.Kg6 Rh8 42.Kf7 Rb8 43.Ke7 Nc5
44.Rc4 Rxb7 45.Nxc5 dxc5 46.Rxc5+ Kb6+ 47.Kd6 Rg7 48.Rd5 Rxg3 49.Ke6 Rxd3
50.Kxf6 Rxa3 51.Kxe5 d3 52.Ke6  1-0

[Event "DDR-ch (Women)"]
[Site "Fuerstenwalde"]
[Date "1981.??.??"]
[Round "7"]
[White "Seils, Gundula"]
[Black "Jahn, Constanze"]
[Result "1/2-1/2"]
[WhiteElo "1915"]
[BlackElo "1930"]

1.c4 c6 2.Nc3 d5 3.cxd5 cxd5 4.d4 Nc6 5.Nf3 Nf6 6.Bf4 Bf5 7.e3 a6 8.Be2 e6
9.O-O Be7 10.h3 h6 11.Rc1 O-O  1/2-1/2

[Event "DDR-ch (Women)"]
[Site "Fuerstenwalde"]
[Date "1981.??.??"]
[Round "8"]
[White "Seidemann, Ulrike"]
[Black "Starck, Ines"]
[Result "1/2-1/2"]
[WhiteElo "1995"]
[BlackElo "2200"]

1.c4 c6 2.Nf3 d5 3.b3 Nf6 4.Bb2 Bf5 5.g3 e6 6.Bg2 Bd6 7.O-O O-O 8.d4 Nbd7
9.Nbd2 Qe7 10.Re1 Ne4 11.Nh4 Bb4 12.Bxe4 Bxe4 13.f3 Qg5 14.Nxe4 dxe4 15.Rf1 Bd2
16.f4 Qa5 17.Ng2 Bb4 18.a3 Be7 19.Ne3 f5 20.b4 Qb6 21.Qc2 Rad8 22.Rad1 Bf6
23.Ng2 Rf7 24.g4 g6 25.e3 Bg7 26.Bc3 Nf6 27.g5 Ne8 28.Qb3 Nc7 29.a4 a6 30.Rf2 Qa7
31.b5 axb5 32.axb5 cxb5 33.Ra2 Qb8 34.cxb5 b6 35.Rda1 Nd5 36.Bd2 Rc7 37.Ne1 Kf7
38.Nc2 Bf8 39.Nb4 Bxb4 40.Bxb4 Qc8 41.Kf2 Qd7 42.Bd2 Qe7 43.Ra6 h5 44.R1a2 Rdc8
45.Ra8 Qd7 46.Rxc8 Rxc8 47.Qa3 Qc7  1/2-1/2

[Event "Bundesliga 8081"]
[Site "Germany"]
[Date "1981.??.??"]
[Round "?"]
[White "Kestler, Hans Guenther"]
[Black "Hess, Ralf"]
[Result "1-0"]
[WhiteElo "2400"]
[BlackElo "2420"]

1.c4 c6 2.Nc3 d5 3.d4 dxc4 4.a4 e5 5.e3 Be6 6.Nf3 Nd7 7.Be2 Bb4 8.O-O exd4
9.Nxd4 Qe7 10.Nxe6 Qxe6 11.Qd4 Ne5 12.f4 Bxc3 13.bxc3 Nd3 14.e4 Nf6 15.e5 c5
16.Qe3 Nd5 17.Qg3 Qg6 18.Qh3 Nxc3 19.Bh5 Qc6 20.e6 O-O 21.Bxf7+ Rxf7 22.exf7+ Kxf7
23.Qxh7 Re8 24.Qh3 Qe4 25.Ba3 Kg8 26.Kh1 b6 27.f5 Nb1 28.Qg3 Nxa3 29.f6 Qb7
30.f7+ Qxf7 31.Rxf7 Kxf7 32.h3 Nc2 33.Rf1+ Kg8 34.Qg6 Re7 35.Qf5 Ne3 36.Qf8+ Kh7
37.Qxe7 Nxf1 38.Qe4+ Kh8 39.Qxc4 Ng3+ 40.Kh2  1-0

[Event "Bundesliga 8081"]
[Site "Germany"]
[Date "1981.??.??"]
[Round "?"]
[White "Fahnenschmidt, Gerhard"]
[Black "Pokern, Norbert"]
[Result "1-0"]
[WhiteElo "2360"]
[BlackElo "2270"]

1.c4 c6 2.e4 e5 3.Nf3 f5 4.Nxe5 Qf6 5.d4 d6 6.Nf3 fxe4 7.Ng5 d5 8.Nc3 Bb4
9.cxd5 cxd5 10.Bb5+ Nc6 11.O-O Ne7 12.f3 O-O 13.Be3 Nf5 14.Nxd5 Qg6 15.Qb3 Be6
16.Nxe6  1-0

[Event "DSV-Turnier"]
[Site "Halle"]
[Date "1981.??.??"]
[Round "12"]
[White "Vilela, Jose Luis"]
[Black "Malich, Burkhard"]
[Result "1/2-1/2"]
[WhiteElo "2430"]
[BlackElo "2470"]

1.c4 c6 2.d4 d5 3.Nf3 Nf6 4.Qc2 g6 5.Bf4 Bg7 6.e3 O-O 7.Nc3 Qa5 8.Nd2 Be6
9.a3 Nbd7 10.b4 Qd8 11.Be2 dxc4 12.Nxc4 Nd5 13.Nxd5 Bxd5 14.O-O Nf6 15.Be5 Qd7
16.Rac1 Rfd8 17.Rfd1 Ne8 18.Bxg7 Kxg7 19.Ne5 Qe6 20.Nd3 Bb3 21.Nc5 Bxc2 22.Nxe6+ Kf6
23.Rxc2 Kxe6 24.Rb1 Nd6  1/2-1/2

[Event "Helsingor"]
[Site "Helsingor"]
[Date "1981.??.??"]
[Round "7"]
[White "Norregaard, Christoffer"]
[Black "Rosell, Per"]
[Result "1-0"]
[WhiteElo "2200"]
[BlackElo "2325"]

1.c4 c6 2.e4 d5 3.exd5 cxd5 4.d4 Nf6 5.Nc3 e6 6.Bg5 Be7 7.Nf3 Nc6 8.c5 O-O
9.Bb5 h6 10.Bf4 Qa5 11.Ba4 Ne4 12.Rc1 Bf6 13.O-O Nxc3 14.Rxc3 Nxd4 15.Nxd4 e5
16.Be3 Bg4 17.f3 exd4 18.Bxd4 Bxd4+ 19.Qxd4 Be6 20.Bc2 Qb5 21.Re1 Rac8 22.f4 b6
23.b4 bxc5 24.bxc5 Qd7 25.f5 Bxf5 26.c6 Rxc6 27.Bxf5 Qd6 28.Rxc6 Qxc6 29.Rd1 g6
30.Bg4 Qc4 31.Qxc4 dxc4 32.Rc1 Rb8 33.Be2 c3 34.Rxc3 Rb2 35.Bc4 Kg7 36.Ra3 Rc2
37.Bb3 Rc7 38.Ra6 f5 39.Kf2 h5 40.Rd6  1-0

[Event "Hradec Kralove"]
[Site "Hradec Kralove"]
[Date "1981.??.??"]
[Round "4"]
[White "Ftacnik, Lubomir"]
[Black "Dolmatov, Sergey"]
[Result "1/2-1/2"]
[WhiteElo "2525"]
[BlackElo "2575"]

1.c4 c6 2.d4 d5 3.Nf3 Nf6 4.e3 Bg4 5.h3 Bxf3 6.Qxf3 e6 7.Nc3 Bd6 8.Bd2 O-O
9.Qd1 Nbd7 10.Qb3 Rb8 11.cxd5 exd5 12.g3 Qe7 13.Bg2 Ne4 14.Nxe4 dxe4 15.O-O Nf6
16.Qc2 Rbe8 17.Rab1 Nd5 18.b4 a6 19.a4 f5 20.b5 axb5 21.axb5 Rc8 22.bxc6 bxc6
23.Rb3 h5 24.f4 g5 25.Qd1 Qh7 26.h4 gxh4 27.gxh4 Kh8 28.Bh3 Rg8+ 29.Kh2 Ra8
30.Rb2 Ra3 31.Rg1 Nf6 32.Rxg8+ Qxg8 33.Qe1 Ng4+ 34.Bxg4 hxg4 35.Bb4 Ra2 36.Qb1 Rxb2+
37.Qxb2 Qb8 38.d5+ Kg8 39.dxc6 Bxb4 40.Qb3+ Kg7  1/2-1/2

[Event "Hradec Kralove"]
[Site "Hradec Kralove"]
[Date "1981.??.??"]
[Round "11"]
[White "Smejkal, Jan"]
[Black "Meduna, Eduard"]
[Result "1/2-1/2"]
[WhiteElo "2540"]
[BlackElo "2485"]

1.c4 c6 2.d4 d5 3.Nf3 Nf6 4.Nc3 dxc4 5.a4 Bf5 6.e3 e6 7.Bxc4 Bb4 8.O-O Nbd7
9.Qe2 O-O 10.e4 Bg6 11.Bd3 Bh5 12.e5 Nd5 13.Nxd5 cxd5 14.Qe3 Be7 15.Bd2 Nb8
16.a5 a6 17.Ne1 Bg6 18.f4 Nc6 19.g4 f5 20.exf6 Bxf6 21.Bc3 Qe8 22.Nf3 Bxd3
23.Qxd3 Qg6  1/2-1/2

[Event "DDR-ch U18"]
[Site "Ilmenau"]
[Date "1981.??.??"]
[Round "?"]
[White "Jaster, Robert"]
[Black "Hein, Carsten"]
[Result "1/2-1/2"]
[WhiteElo "2200"]
[BlackElo "2200"]

1.c4 c6 2.Nc3 d5 3.cxd5 cxd5 4.d4 Nf6 5.Bf4 Bf5 6.e3 e6 7.Nf3 Bd6 8.Bb5+ Nc6
9.Bxd6 Qxd6 10.Ne5 O-O 11.f4 Qb4 12.Qd2 Nxe5 13.fxe5 Ng4 14.h3 Nh6 15.O-O f6
16.exf6 Rxf6 17.Rf2 Rg6 18.Bd3 Qd6 19.Rf4 Rd8 20.Raf1 Rg3 21.Ne2 Rg5 22.Kh1 Qd7
23.g4 Bxd3 24.Qxd3 e5 25.dxe5 Rxe5 26.Ng3 Qe7 27.R1f3 Re8 28.Nf5 Nxf5 29.Rxf5 g6
30.Rf6 Qb4 31.Rxg6+ hxg6 32.Qxg6+ Kh8  1/2-1/2

[Event "DDR-ch U18"]
[Site "Ilmenau"]
[Date "1981.??.??"]
[Round "?"]
[White "Jaster, Robert"]
[Black "Kleeschaetzky, Rainer"]
[Result "0-1"]
[WhiteElo "2200"]
[BlackElo "2200"]

1.c4 c6 2.e4 d5 3.exd5 cxd5 4.d4 Nf6 5.Nc3 Nc6 6.Bg5 dxc4 7.Bxc4 Nxd4 8.Nf3 Nxf3+
9.Qxf3 a6 10.O-O Qb6 11.Rfe1 Qc6 12.Qf4 b5 13.Bf1 b4 14.Qxb4 e6 15.Qc4 Qxc4
16.Bxc4 Be7 17.Rad1 O-O 18.Ne4 a5 19.Nxf6+ gxf6 20.Bh6 Rd8 21.Rxd8+ Bxd8
22.Re3 Bc7 23.f4 Bb6 24.Kf2 Ba6 25.Bb3 f5 26.Kf3 Bb7+ 27.Ke2 Bxe3 28.Kxe3 Bxg2  0-1